| 000 | 00626 a2200181 4500 | ||
|---|---|---|---|
| 020 | _a0471389315 | ||
| 020 | _a9780471389316 | ||
| 082 | 0 | 4 | _a535.2 |
| 090 |
_c657 _d657 |
||
| 100 | _aEvans, Myron W. | ||
| 245 | 1 | 0 |
_aAdvances in chemical physics : _bmodern nonlinear optics. _nVolume 119, part 2, 2nd edition / _cMyron W. Evans. |
| 250 | _a2nd ed. | ||
| 260 |
_a[S.l.] : _bWiley-Interscience, _c2001. |
||
| 300 |
_a800 p. ; _c24 cm. |
||
| 700 | 1 | _aEvans, Myron W. | |
| 942 |
_aSNS _cBK _k535.2 EVA |
||
| 999 |
_c29286 _d29286 |
||